000 01070cab a22002055a 4500
001 L144182
008 080701e20080628xxk f 000 0 eng d
035 _a(Sirsi) u144182
041 0 _aeng
100 1 _aFetherstonhaugh, Guy
245 0 0 _aHypothetically speaking, how valuable is that mezzanine?
260 _c2008
490 _aEstates Gazette
_v(825) 28 June 2008, 170(1)
520 _aDiscusses the right approach to disregarding improvements in the rent review procedure involving mezzanines. Explains that improvements to property can play an important role in rent reviews. Explains that the notion of presumption in favour of reality has come to dominate rent review. Includes relevant case law as examples.
650 2 4 _aGREA REAL PROPERTY INVESTMENTS LTD V WILLIAMS ESTATES PROJECTS LTD V GREENWICH LONDON BOROUGH RAILSTORE LTD V PLAYDALE LTD
650 2 4 _aTOWN AND COUNTRY PLANNING (GENERAL DEVELOPMENT PROCEDURE) (AMENDMENT) (ENGLAND) ORDER 2006
651 4 _aUnited Kingdom
_y
690 _aPROPERTY-PROPERTY APPRAISAL AND VALUATION
942 _n0
999 _c80374
_d80374